योगतरंगिणीः (Record no. 12470)

MARC details
000 -LEADER
fixed length control field 04871 a2200373 4500
008 - FIXED-LENGTH DATA ELEMENTS--GENERAL INFORMATION
fixed length control field 090523t xxu||||| |||| 00| 0 hin d
010 ## - LCCN (DPL NO)
LC control number B-288748-757
020 ## - INTERNATIONAL STANDARD BOOK NUMBER
International Standard Book Number 9788187471424(भा-1)
Terms of availability 1395.00
020 ## - INTERNATIONAL STANDARD BOOK NUMBER
International Standard Book Number 9788187471431(भा-2)
Terms of availability 1195.00
020 ## - INTERNATIONAL STANDARD BOOK NUMBER
International Standard Book Number 9788187471448
035 ## - SYSTEM CONTROL NUMBER
System control number B-288748-757 (भा-1 तथा भा-2)
037 ## - SOURCE OF ACQUISITION
Source of stock number/acquisition स्टैण्डर्ड पब्लिशर्स
040 ## - CATALOGING SOURCE
Original cataloging agency dpl
Language of cataloging HIN
082 ## - DEWEY DECIMAL CLASSIFICATION NUMBER
Classification number 615.538
100 ## - MAIN ENTRY--PERSONAL NAME
Personal name त्रिमल्लभट्ट आचार्य
245 ## - TITLE STATEMENT
Title योगतरंगिणीः
Statement of responsibility, etc त्रिमल्लभट्ट आचार्य; कमलेश्वर शर्मा द्वारा संपादित
Remainder of title संशोधित एवं संवर्धित शब्दानुक्रमणिका सहित /
260 ## - PUBLICATION, DISTRIBUTION, ETC. (IMPRINT)
Place of publication, distribution, etc नई दिल्ली
Name of publisher, distributor, etc स्टैण्डर्ड पब्लिशर्स
Date of publication, distribution, etc 2008
270 ## - ADDRESS
Address 225, गुप्ता प्लेस.ए-2/42,रजौरी गार्डन,मेन रोड(नजदीक मेट्रों स्टेशन)
City दिल्ली
Postal code 110027
300 ## - PHYSICAL DESCRIPTION
Extent 400पृ.
Dimensions 25सेमी (सजिल्द)
300 ## - PHYSICAL DESCRIPTION
Extent 328पृ.
Other physical details 25सेमी (सजिल्द)
700 ## - ADDED ENTRY--PERSONAL NAME
Personal name शर्मा, कमलेश्वर
942 ## - ADDED ENTRY ELEMENTS (KOHA)
Institution code [OBSOLETE] dpl
Item type Hindi Books
Call number prefix /त्रिमल्ल
Source of classification or shelving scheme Dewey Decimal Classification
Classification part 615.538
Call number suffix त्रिमल्ल
Holdings
Withdrawn status Lost status Source of classification or shelving scheme Materials specified (bound volume or other part) Damaged status Not for loan Collection code Home library Current library Date acquired Source of acquisition Cost, normal purchase price Total Checkouts Full call number Barcode Date last seen Copy number Cost, replacement price Koha item type Public note Total Renewals
    Dewey Decimal Classification भा-1     Non-fiction Central Library Central Library 23/05/2009 स्टैण्डर्ड पब्लिशर्स/079/11.9.08/533/4.9.08/16.9.08 1395.00   615.538 त्रिमल्ल B-288748 23/05/2009 1 1395.00 Hindi Books भा-1  
    Dewey Decimal Classification भा-2     Non-fiction Central Library Central Library 23/05/2009 स्टैण्डर्ड पब्लिशर्स/079/11.9.08/533/4.9.08/16.9.08 1195.00   615.538 त्रिमल्ल B-288753 23/05/2009 1 1195.00 Hindi Books भा-2  
    Dewey Decimal Classification भा-1     Non-fiction Karol Bagh Karol Bagh 23/05/2009 स्टैण्डर्ड पब्लिशर्स/079/11.9.08/533/4.9.08/16.9.08 1395.00   615.538 त्रिमल्ल B-288751 23/05/2009 1 1395.00 Hindi Books भा-1  
    Dewey Decimal Classification भा-2     Non-fiction Karol Bagh Karol Bagh 23/05/2009 स्टैण्डर्ड पब्लिशर्स/079/11.9.08/533/4.9.08/16.9.08 1195.00   615.538 त्रिमल्ल B-288756 23/05/2009 1 1195.00 Hindi Books भा-2  
    Dewey Decimal Classification भा-1     Non-fiction Patel Nagar Patel Nagar 23/05/2009 स्टैण्डर्ड पब्लिशर्स/079/11.9.08/533/4.9.08/16.9.08 1395.00   615.538 त्रिमल्ल B-288749 23/05/2009 1 1395.00 Hindi Books भा-1  
    Dewey Decimal Classification भा-2     Non-fiction Patel Nagar Patel Nagar 23/05/2009 स्टैण्डर्ड पब्लिशर्स/079/11.9.08/533/4.9.08/16.9.08 1195.00   615.538 त्रिमल्ल B-288754 23/05/2009 1 1195.00 Hindi Books भा-2  
    Dewey Decimal Classification भा-1     Non-fiction Sarojini Nagar Sarojini Nagar 23/05/2009 स्टैण्डर्ड पब्लिशर्स/079/11.9.08/533/4.9.08/16.9.08 1395.00   615.538 त्रिमल्ल B-288750 23/05/2009 1 1395.00 Hindi Books भा-1  
    Dewey Decimal Classification भा-2     Non-fiction Sarojini Nagar Sarojini Nagar 23/05/2009 स्टैण्डर्ड पब्लिशर्स/079/11.9.08/533/4.9.08/16.9.08 1195.00 1 615.538 त्रिमल्ल B-288755 06/01/2020 1 1195.00 Hindi Books भा-2 1
    Dewey Decimal Classification भा-1     Non-fiction Shahdara Branch Shahdara Branch 23/05/2009 स्टैण्डर्ड पब्लिशर्स/079/11.9.08/533/4.9.08/16.9.08 1395.00   615.538 त्रिमल्ल B-288752 23/05/2009 1 1395.00 Hindi Books भा-1  
    Dewey Decimal Classification भा-2     Non-fiction Shahdara Branch Shahdara Branch 23/05/2009 स्टैण्डर्ड पब्लिशर्स/079/11.9.08/533/4.9.08/16.9.08 1195.00 5 615.538 त्रिमल्ल B-288757 11/02/2020 1 1195.00 Hindi Books भा-2 5

© Delhi Public Library
Hit Counter
free hit counter